| 000 | 01094 a2200241 4500 | ||
|---|---|---|---|
| 001 | 60386 | ||
| 005 | 20260407155854.0 | ||
| 008 | 260407a2007 arg spa d | ||
| 003 | AR-UNSa-BCEJYS | ||
| 040 |
_aAR-UNSa-BCEJYS _bspa _cAR-UNSa-BCEJYS |
||
| 080 |
_a316.2 _xPuntos de vista y corrientes sociológicas |
||
| 245 | 1 | 0 | _aLa impronta espacial - temporal en el análisis social clásico |
| 020 | _a978-950-786-208-3 | ||
| 264 | 1 |
_aBuenos Aires : _bBiblos _c2007 |
|
| 300 | _a119 p. | ||
| 505 | _a1. De la comunidad estamental a la sociedad de clases - 2. El proceso de industrialización y la consolidación del capitalismo – 3. La “física social positivista – 4. La revolución conceptual del materialismo histórico – 5. La visión “organicista” de la integración social y de la división del trabajo en Émile Durkheim – 6. La sociología comprensiva y la racionalidad en Max Weber - | ||
| 041 | _aspa | ||
| 942 | _cBK | ||
| 590 | _aniveau_biblio:m niveau_hierar:0 | ||
| 100 | 1 | _aLucchini, Cristina | |
| 700 | 1 | _aSiffredi, Liliana | |
| 700 | 1 | _aLabiaguerre, Juan | |
| 999 |
_c6955 _d6955 |
||